Statistics for Big 12 Members (Past, Present & Future)

Click here to take the quiz!

General Stats

  • This quiz has been taken 764 times
  • The average score is 17 of 21

Answer Stats

HintAnswer% Correct
1996 - 2024Texas Longhorns
98%
1996 - 2024Oklahoma Sooners
95%
1996 - PresentKansas Jayhawks
93%
1996 - PresentOklahoma State Cowboys
90%
1996 - PresentKansas State Wildcats
89%
1996 - 2011, Rejoining in 2024Colorado Buffaloes
86%
1996 - PresentTexas Tech Red Raiders
85%
1996 - 2012Texas A&M Aggies
83%
Joining 2024Arizona Wildcats
82%
1996 - PresentBaylor Bears
81%
1996 - PresentIowa State Cyclones
81%
1996 - 2011Nebraska Cornhuskers
80%
Joining 2024Arizona State Sun Devils
79%
2012 - PresentTCU Horned Frogs
79%
Joining 2024Utah Utes
79%
1996 - 2012Missouri Tigers
78%
2023 - PresentHouston Cougars
75%
2023 - PresentBYU Cougars
74%
2012 - PresentWest Virginia Mountaineers
68%
2023 - PresentUCF Knights
59%
2023 - PresentCincinnati Bearcats
58%

Score Distribution

Percentile by Number Answered

Percent of People with Each Score

Your Score History

You have not taken this quiz